|
|
|
|
| LEADER |
00000nab a2200000 a 4500 |
| 001 |
vtls001499258 |
| 003 |
SK-MaSNL |
| 005 |
20260304002055.0 |
| 008 |
050224s1996 xo 000 0 ger |
| 035 |
|
|
|a SPKCL2047
|
| 040 |
|
|
|a SPKCL
|b slo
|c SNKBUCL
|d ÚIP-SPK(LO)
|e AACR2
|
| 041 |
|
|
|a ger
|
| 044 |
|
|
|a xo
|c SK
|
| 080 |
|
|
|a [376:301.173]:371.13:371.14
|2 1981
|
| 100 |
1 |
|
|a Meister, Hans
|4 aut
|9 1279189
|
| 245 |
1 |
0 |
|a Integration beginnt auch mit Lehreraus- und -fortbildung
|c Hans Meister
|
| 520 |
|
|
|a Vzdelávanie a ďalšie vzdelávanie špeciálnych pedagógov.
|
| 650 |
0 |
7 |
|a špeciálni pedagógovia
|2 SNKPH
|9 83510
|
| 650 |
0 |
7 |
|a vzdelávanie učiteľov
|2 SNKPH
|9 4031
|
| 773 |
1 |
|
|t Pädagogik und Schulalltag
|g Roč. 51, č. 1 (1996) s. 32-41
|
| 850 |
|
|
|a Slovenská pedagogická knižnica Bratislava
|
| 852 |
|
|
|a SPKCL
|b KIS3GCP
|b 000710000
|n SK
|
| 999 |
|
|
|c 2540100
|d 2542030
|